Cẩm nang du lịch vịnh Hạ Long /
Hạ Long - một vịnh biển đẹp với hàng ngàn hòn đảo kỳ dị vươn cao trên mặt nước trong xanh, đã được thế giới biết đến như một cảnh đẹp thần tiên.
Gorde:
| Egile nagusia: | |
|---|---|
| Formatua: | Liburua |
| Hizkuntza: | Vietnamese |
| Argitaratua: |
Hà Nội :
Thế giới,
2000.
|
| Gaiak: | |
| Etiketak: |
Etiketa erantsi
Etiketarik gabe, Izan zaitez lehena erregistro honi etiketa jartzen!
|
| Thư viện lưu trữ: | Mạng thư viện Đại học Đà Nẵng |
|---|
| LEADER | 01127cam a2200361 i 4500 | ||
|---|---|---|---|
| 001 | 000042916 | ||
| 003 | 791 | ||
| 005 | 20030916100036.0 | ||
| 008 | 010217b2000 vm 000 vie | ||
| 020 | |c 25000 | ||
| 040 | |a IRC |c IRC |d IRC | ||
| 041 | 0 | |a vie | |
| 082 | 1 | 4 | |a 915.972504 |b PH-H |
| 100 | 1 | |a Phạm Hoàng Hải. | |
| 245 | 0 | 0 | |a Cẩm nang du lịch vịnh Hạ Long / |c Phạm Hoàng Hải. |
| 260 | |a Hà Nội : |b Thế giới, |c 2000. | ||
| 300 | |a 163tr. ; |c 20cm. | ||
| 520 | 3 | |a Hạ Long - một vịnh biển đẹp với hàng ngàn hòn đảo kỳ dị vươn cao trên mặt nước trong xanh, đã được thế giới biết đến như một cảnh đẹp thần tiên. | |
| 630 | 0 | 4 | |a Du lịch. |
| 630 | 0 | 4 | |a Vịnh Hạ Long. |
| 650 | 0 | 4 | |a Du lịch |v Cẩm nang. |
| 650 | 0 | 4 | |a Hạ Long, Vịnh (Việt Nam) |
| 651 | 4 | |a Hạ Long, Vịnh (Việt Nam) | |
| OWN | |a DUT | ||
| 999 | |a From the UDN01 | ||
| TYP | |a Monograph | ||
| TYP | |a Printed language | ||
| 980 | |a Mạng thư viện Đại học Đà Nẵng | ||